[Event "NED-ch U17"]
[Site "Haarlem"]
[Date "2012.05.04"]
[Round "7"]
[White "Mehra, Roger"]
[Black "Cox, Jan"]
[Result "1/2-1/2"]
[WhiteElo "1856"]
[BlackElo "2006"]
[PlyCount "50"]
[EventDate "2012.04.28"]
[EventType "swiss"]
[EventRounds "9"]
[EventCountry "NED"]
[SourceTitle "EXT 2013"]
[Source "ChessBase"]
[SourceDate "2012.11.22"]
[SourceVersion "1"]
[SourceVersionDate "2012.11.22"]
[SourceQuality "1"]

1. d4 Nf6 2. c4 g6 3. g3 Bg7 4. Bg2 0-0 5. Nf3 d6 6. Nc3 Nc6 7. 0-0 a6 8. b3 Rb8 9. Bb2 Bd7 10. Rc1 b5 11. cxb5 axb5 12. Qc2 Qc8 13. Rfd1 Nb4 14. Qd2 c5 15. a3 Na6 16. e4 Bh3 17. Nd5 Nxd5 18. exd5 Bxg2 19. Kxg2 Qf5 20. dxc5 Bxb2 21. Qxb2 Nxc5 22. Qb1 Qxb1 23. Rxb1 Ra8 24. b4 Ne4 25. Rb3 Ra7 1/2-1/2

[Event "NED-ch U17"]
[Site "Haarlem"]
[Date "2012.05.03"]
[Round "6"]
[White "Senders, Mischa"]
[Black "Mehra, Roger"]
[Result "1-0"]
[WhiteElo "1895"]
[BlackElo "1856"]
[PlyCount "61"]
[EventDate "2012.04.28"]
[EventType "swiss"]
[EventRounds "9"]
[EventCountry "NED"]
[SourceTitle "EXT 2013"]
[Source "ChessBase"]
[SourceDate "2012.11.22"]
[SourceVersion "1"]
[SourceVersionDate "2012.11.22"]
[SourceQuality "1"]

1. e4 c5 2. Nf3 d6 3. d4 cxd4 4. Nxd4 Nf6 5. Nc3 a6 6. Be3 e5 7. Nb3 Be6 8. f3 h5 9. Qd2 Nbd7 10. 0-0-0 Qc7 11. Kb1 Rc8 12. Nd5 Bxd5 13. exd5 Nb6 14. c4 Be7 15. Rc1 0-0 16. Bd3 Na4 17. Rhg1 Nc5 18. Nxc5 dxc5 19. h3 b5 20. g4 bxc4 21. Bxc4 h4 22. g5 Nh5 23. Rg4 Qd6 24. Rxh4 g6 25. Rg4 Rc7 26. Qd3 Rb8 27. Bxa6 Nf4 28. Bxf4 exf4 29. Bc4 Qe5 30. Qc3 Qf5+ 31. Bd3 1-0

[Event "NED-ch U17"]
[Site "Haarlem"]
[Date "2012.05.01"]
[Round "4"]
[White "Vereggen, Lars"]
[Black "Mehra, Roger"]
[Result "1-0"]
[WhiteElo "2069"]
[BlackElo "1856"]
[PlyCount "73"]
[EventDate "2012.04.28"]
[EventType "swiss"]
[EventRounds "9"]
[EventCountry "NED"]
[SourceTitle "EXT 2013"]
[Source "ChessBase"]
[SourceDate "2012.11.22"]
[SourceVersion "1"]
[SourceVersionDate "2012.11.22"]
[SourceQuality "1"]

1. d4 d5 2. c4 c6 3. Nf3 Nf6 4. g3 g6 5. Bg2 Bg7 6. 0-0 0-0 7. Nc3 dxc4 8. Ne5 Be6 9. e4 Nbd7 10. f4 Qb6 11. Kh1 Rfd8 12. Qe2 Qxd4 13. Be3 Qd6 14. Rfd1 Qc7 15. Nf3 b5 16. e5 Nd5 17. Nd4 Nxc3 18. bxc3 Bd5 19. Bxd5 cxd5 20. e6 Bxd4 21. Bxd4 Nf6 22. exf7+ Kxf7 23. Rf1 Kg8 24. Qe6+ Kg7 25. Rae1 Rd7 26. g4 Qd6 27. Qxd6 Rxd6 28. g5 Kf7 29. gxf6 exf6 30. h4 a5 31. a3 b4 32. cxb4 axb4 33. axb4 Ra3 34. b5 Rh3+ 35. Kg2 Rxh4 36. b6 Rd7 37. Ra1 1-0

[Event "NED-ch U17"]
[Site "Haarlem"]
[Date "2012.04.30"]
[Round "3"]
[White "Mehra, Roger"]
[Black "Vos, Tjark"]
[Result "0-1"]
[WhiteElo "1856"]
[BlackElo "2012"]
[PlyCount "116"]
[EventDate "2012.04.28"]
[EventType "swiss"]
[EventRounds "9"]
[EventCountry "NED"]
[SourceTitle "EXT 2013"]
[Source "ChessBase"]
[SourceDate "2012.11.22"]
[SourceVersion "1"]
[SourceVersionDate "2012.11.22"]
[SourceQuality "1"]

1. c4 Nf6 2. g3 c5 3. Nc3 g6 4. Bg2 Bg7 5. e4 Nc6 6. Nge2 0-0 7. 0-0 d6 8. d3 Bd7 9. h3 a6 10. Be3 Qa5 11. a4 Ne8 12. Qb3 Rb8 13. Nd5 Qd8 14. Qb6 Be6 15. Nef4 Bxd5 16. Nxd5 Nf6 17. Qxd8 Rfxd8 18. Nc3 Nd7 19. Rfd1 Nb4 20. Rac1 Ne5 21. Bf1 Nf3+ 22. Kg2 Nd4 23. Bxd4 Bxd4 24. Rd2 Nc6 25. Rb1 Na5 26. Rc2 Nb3 27. Be2 Bg7 28. Bd1 Nd4 29. Rcc1 e6 30. Ne2 b5 31. Nxd4 Bxd4 32. axb5 axb5 33. b3 b4 34. Kf3 Ra8 35. Ke2 Ra2+ 36. Bc2 Rda8 37. f3 Kg7 38. f4 f5 39. Kf3 d5 40. e5 dxc4 41. dxc4 Bc3 42. Bd3 Rh2 43. Rh1 Rha2 44. Rhd1 Bd4 45. Be2 R8a3 46. g4 Rc2 47. Rdc1 Rxc1 48. Rxc1 Rxb3+ 49. Kg2 Be3 50. Rd1 Bxf4 51. Rd7+ Kf8 52. gxf5 exf5 53. Rc7 Rg3+ 54. Kf1 Be3 55. Bd3 Bd4 56. Ke2 Rxh3 57. e6 Re3+ 58. Kd2 h5 0-1

[Event "NED-ch U17"]
[Site "Haarlem"]
[Date "2011.05.04"]
[Round "5"]
[White "Veltkamp, Bastiaan"]
[Black "Mehra, Roger"]
[Result "1-0"]
[WhiteElo "1796"]
[BlackElo "1800"]
[PlyCount "135"]
[EventDate "2011.04.30"]
[EventType "swiss"]
[EventRounds "9"]
[EventCountry "NED"]
[SourceTitle "EXT 2012"]
[Source "ChessBase"]
[SourceDate "2011.11.24"]
[SourceVersion "1"]
[SourceVersionDate "2011.11.24"]
[SourceQuality "1"]

1. d4 d5 2. Nf3 Nf6 3. c4 c6 4. Nc3 e6 5. e3 Nbd7 6. Bd3 dxc4 7. Bxc4 b5 8. Bd3 a6 9. 0-0 c5 10. a4 b4 11. Ne2 Bb7 12. Ng3 Bd6 13. Qe2 0-0 14. Rd1 cxd4 15. Nxd4 Nc5 16. f3 Qc7 17. e4 Bxg3 18. hxg3 Qxg3 19. Be3 Nxd3 20. Rxd3 Rfd8 21. Rad1 Rdc8 22. Qd2 a5 23. Bf4 Qg6 24. Nb5 Ne8 25. Nc7 Nxc7 26. Bxc7 h5 27. Qf4 Qf6 28. Qxf6 gxf6 29. Rd8+ Kg7 30. Rxc8 Rxc8 31. Bxa5 Ra8 32. Bxb4 Rxa4 33. Bc3 Kg6 34. Rd8 Ra8 35. Rd7 Bc6 36. Rc7 Bb5 37. Bd4 Ra1+ 38. Kh2 Rd1 39. Be3 Re1 40. Bb6 Re2 41. Bd4 Rd2 42. Bc3 Rc2 43. Rc8 e5 44. Rd8 Bf1 45. Kg1 Bb5 46. Rd6 Kg5 47. Bd2+ Kg6 48. b4 Rc6 49. Rd8 Rb6 50. Be3 Rb7 51. Kf2 Bd7 52. Bc5 Kg7 53. Kg3 f5 54. f4 exf4+ 55. Kxf4 fxe4 56. g3 Bc6 57. Bd4+ Kh7 58. Be5 f6 59. Bxf6 Rb5 60. Be5 Bd5 61. Kg5 Bg8 62. Rd7+ Bf7 63. Rxf7+ Kg8 64. Re7 Kf8 65. Kf6 Rxb4 66. Bd6 Rb6 67. Re6+ Kg8 68. Kg6 1-0